Saltar ao contenido

Старый Петербург. Адмиралтейский остров. Сад трудящихся

Перешедшие в общественное достояние материалы электронного фонда ЦГПБ им. В.В. Маяковского. Сведения о издательстве или типографии: Гос. изд-во. Место издания: М.

Gardado en:
Detalles Bibliográficos
Autor Principal: Столпянский П. Н.
Formato: Книга
Idioma:Russian
Publicado: Санкт-Петербург ЦГПБ им. В.В. Маяковского 1923
Acceso en liña:http://e.lanbook.com/books/element.php?pl1_id=68340
https://e.lanbook.com/img/cover/book/68340.jpg
Метки: Engadir etiqueta
Sen Etiquetas, Sexa o primeiro en etiquetar este rexistro!
LEADER 01301nam0a2200229 i 4500
001 68340
003 RuSpLAN
005 20221220173942.0
008 221220s1923 ru gs 000 0 rus
040 |a RuSpLAN 
041 0 |a rus 
044 |a ru 
245 0 0 |a Старый Петербург. Адмиралтейский остров. Сад трудящихся  |c Столпянский П. Н. 
260 |a Санкт-Петербург  |b ЦГПБ им. В.В. Маяковского  |c 1923 
300 |a 192 с. 
504 |a Библиогр.: доступна в карточке книги, на сайте ЭБС Лань 
520 8 |a Перешедшие в общественное достояние материалы электронного фонда ЦГПБ им. В.В. Маяковского. Сведения о издательстве или типографии: Гос. изд-во. Место издания: М. 
521 8 |a Книга из коллекции ЦГПБ им. В.В. Маяковского - Социально-гуманитарные науки 
100 1 |a Столпянский П. Н. 
856 4 |u http://e.lanbook.com/books/element.php?pl1_id=68340 
856 4 8 |u https://e.lanbook.com/img/cover/book/68340.jpg 
953 |a https://e.lanbook.com/img/cover/book/68340.jpg 
Cannot write session to /tmp/vufind_sessions/sess_e6jb4qe9umld162aq5o0t3kt62